000 01115cam a2200265 a 4500
999 _c46227
_d46227
001 671089
005 20190429154158.0
008 950420s1995 miu b 001 0 eng
010 _a 95017638
020 _a080280487X (paper : alk. paper)
040 _aDLC
_cDLC
_dDLC
245 0 0 _aMissiology :
_ban ecumenical introduction : texts and contexts of global Christianity /
_cedited by A. Camps, L.A. Hoedemaker, M.R. Spindler, and F.J. Verstraelen, general editor ; with the special assistance of J.D. Gort and F.J. Verstraelen for this English Edition.
260 _aGrand Rapids, MI :
_bWilliam B. Eerdmans Pub. Co.,
_c1995.
300 _avii, 498 p. ;
_c24 cm.
336 _atext
337 _aunmediated
338 _avolume
500 _aIncludes English translation of Oecumenische inleiding in de missiologie newly revised by original authors and editors.
504 _aIncludes bibliographical references (p. 471-487) and index.
650 0 _aMissions.
650 0 _aChurch history.
700 1 _aVerstraelen, F. J.
730 0 2 _aOecumenische inleiding in de missiologie.
942 _2lcc
_cBK